Rozpoznaj nazwę zespołu po polskim tłumaczeniu #1 -Rock i Metal - Statystyki

Ogólne statystyki
  • Ten quiz został rozwiązany 2 306 razy
    2 305 od ostatniego zresetowania
  • Średni wynik to 12 z 35
Statystyki odpowiedzi
Lp. Przetłumaczona Nazwa Oryginalna Nazwa % Poprawnych
17 Samochody The Cars
87%
10 Całus Kiss
86%
3 Żelazna Dziewica Iron Maiden
81%
6 Toczące się Kamienie The Rolling Stones
77%
9 Perłowy Dżem Pearl Jam
73%
29 Głęboka Purpura Deep Purple
69%
1 Żuki The Beatles
68%
27 Prąd Zmienny / Prąd Stały AC/DC
66%
15 Alicja w Łańcuchach Alice in Chains
65%
16 Blondynka Blondie
60%
23 W Płomieniach In Flames
46%
8 Zakręcona Siostra Twisted Sister
42%
7 Tania Sztuczka Cheap Trick
35%
4 Dziewięciocalowe Gwoździe Nine Inch Nails
35%
34 O.S.A. W.A.S.P.
31%
33 Jad Venom
29%
26 Powietrzny Kowal Aerosmith
28%
11 Cudzoziemiec Foreigner
27%
18 Królowe Epoki Kamienia Łupanego Queens of the Stone Age
27%
13 Czarne Klawisze The Black Keys
26%
14 Złe Towarzystwo Bad Company
24%
12 Kult Niebieskiej Ostrygi Blue Oyster Cult
21%
2 Stowarzyszenie Czarnej Etykiety Black Label Society
18%
21 Piloci Kamiennej Świątyni Stone Temple Pilots
18%
5 Śmieć Garbage
15%
20 Dziesięć Lat Później Ten Years After
13%
31 Potomstwo The Offspring
13%
22 Wąglik Anthrax
12%
32 Ciche Zamieszki Quiet Riot
11%
25 Ule The Hives
10%
35 Wróżki Pixies
8%
30 Piwnica Nieba Heaven's Basement
7%
19 Plama Blur
5%
28 Transport Samolotowy (Zrzut Spadochroniarzy) Airbourne
3%
24 Gwizdki The Hooters
1%
Nie znaleziono quizów pasujących do podanych kryteriów
Rozkład punktacji
Procent ludzi z każdym wynikiem
Percentyl według liczby udzielonych odpowiedzi
Twoja historia wyników
Nie rozwiązałeś tego quizu od ostatniego zresetowania